Architekti a výtvarníci Liptovu
| Format: | Book |
|---|---|
| Language: | English |
| Published: |
Liptovský Mikuláš
Oblastná galéria
1982
|
MARC
| LEADER | 00000nam a2200000 a 4500 | ||
|---|---|---|---|
| 001 | vtls008409434 | ||
| 003 | SK-MaSNL | ||
| 005 | 20260224073846.0 | ||
| 008 | 240124 xo 000 0 eng | ||
| 040 | |a SNK |b slo |c SNK |e AACR2 | ||
| 044 | |a xo |c SK | ||
| 245 | 1 | |a Architekti a výtvarníci Liptovu | |
| 260 | |a Liptovský Mikuláš |b Oblastná galéria |c 1982 | ||
| 999 | |c 909192 |d 911122 | ||
| 952 | |a SNK |b SNK |y PREZ |7 0 |p 17A0490315 |o snkOSC 9945 |i snkKSP 8557/85 |3 Rekatalogizácia |0 0 |1 0 |4 0 |d 2005-11-14 |l 0 |r 2026-02-24 07:38:46 |w 2026-02-24 | ||


